<?xml version="1.0" encoding="UTF-8"?>
<record
    xmlns:xsi="http://www.w3.org/2001/XMLSchema-instance"
    xsi:schemaLocation="http://www.loc.gov/MARC21/slim http://www.loc.gov/standards/marcxml/schema/MARC21slim.xsd"
    xmlns="http://www.loc.gov/MARC21/slim">

  <leader>00809nam a22002057a 4500</leader>
  <controlfield tag="005">20240909112444.0</controlfield>
  <datafield tag="010" ind1=" " ind2=" ">
    <subfield code="a">ENG-141473</subfield>
  </datafield>
  <datafield tag="020" ind1=" " ind2=" ">
    <subfield code="c">1595.00</subfield>
    <subfield code="a">9788195554539(Vol 2)</subfield>
  </datafield>
  <datafield tag="035" ind1=" " ind2=" ">
    <subfield code="a">EN-125005</subfield>
  </datafield>
  <datafield tag="037" ind1=" " ind2=" ">
    <subfield code="b">DBAD</subfield>
  </datafield>
  <datafield tag="082" ind1=" " ind2=" ">
    <subfield code="a">954</subfield>
  </datafield>
  <datafield tag="245" ind1=" " ind2=" ">
    <subfield code="a">Relevance of the Universal Mission of the Bengali Renaissance for a Sustainable Future for India and the World/</subfield>
    <subfield code="c">Edited By Kalyan Kumar Chakravarty [and] Sarmistha De Basu</subfield>
  </datafield>
  <datafield tag="260" ind1=" " ind2=" ">
    <subfield code="a">New Delhi</subfield>
    <subfield code="b">Kunal Books</subfield>
    <subfield code="c">2024</subfield>
  </datafield>
  <datafield tag="270" ind1=" " ind2=" ">
    <subfield code="b">New Delhi</subfield>
    <subfield code="e">110002</subfield>
    <subfield code="a">4648/21 1st  Floor, Ansari Road, Darya Ganj</subfield>
    <subfield code="k">9811043697</subfield>
    <subfield code="k">011-23275069</subfield>
    <subfield code="m">kunalbooks@gmail.com</subfield>
  </datafield>
  <datafield tag="300" ind1=" " ind2=" ">
    <subfield code="a">xxx,364p;</subfield>
    <subfield code="c">23cm(hbk)</subfield>
  </datafield>
  <datafield tag="490" ind1=" " ind2=" ">
    <subfield code="v">Vol 2</subfield>
  </datafield>
  <datafield tag="700" ind1=" " ind2=" ">
    <subfield code="a">Chakravarty, Kalyan Kumar </subfield>
    <subfield code="e">Editor</subfield>
    <subfield code="9">71285</subfield>
  </datafield>
  <datafield tag="700" ind1=" " ind2=" ">
    <subfield code="a">Basu, Sarmistha De </subfield>
    <subfield code="e">Editor</subfield>
    <subfield code="9">71286</subfield>
  </datafield>
  <datafield tag="942" ind1=" " ind2=" ">
    <subfield code="2">ddc</subfield>
    <subfield code="c">EN</subfield>
    <subfield code="h">954</subfield>
    <subfield code="m">REL</subfield>
  </datafield>
  <datafield tag="999" ind1=" " ind2=" ">
    <subfield code="c">205698</subfield>
    <subfield code="d">205698</subfield>
  </datafield>
  <datafield tag="952" ind1=" " ind2=" ">
    <subfield code="0">0</subfield>
    <subfield code="1">0</subfield>
    <subfield code="3">VOL 2</subfield>
    <subfield code="4">0</subfield>
    <subfield code="7">0</subfield>
    <subfield code="8">NFIC</subfield>
    <subfield code="a">BN</subfield>
    <subfield code="b">BN</subfield>
    <subfield code="d">2024-09-09</subfield>
    <subfield code="e">DBAD</subfield>
    <subfield code="g">1595.00</subfield>
    <subfield code="l">0</subfield>
    <subfield code="o">954 REL</subfield>
    <subfield code="p">EN-125005</subfield>
    <subfield code="r">2024-09-09 00:00:00</subfield>
    <subfield code="t">1</subfield>
    <subfield code="v">1595.00</subfield>
    <subfield code="w">2024-09-09</subfield>
    <subfield code="y">EN</subfield>
  </datafield>
</record>
